01007cam a22003134a 45000010005000000030006000050050017000110080041000280100017000690200015000860200018001010400023001190500020001420820012001621000020001742450081001942500045002752600035003203000047003554400032004025000023004345050007004575200081004645210028005455210018005736500042005916500021006337000039006546240FISKH20250404084455.0030312s2003 nyua b 000 0 eng  a 2003005254 a0439524733 a9780439524735 aDLCcDLCdDLCbeng aGV1507.P47 M353 a793.73 1 aMarzollo, Jean.10aI spy a school bus /criddles by Jean Marzollo ; photographs by Walter Wick. aThis edition first printing, July 2008.  aNew York :bScholastic,c2003. a32 pages : bcolor illustrations ; c23 cm 0aScholastic reader.nLevel 1 a"Cartwheel Books." aF  aSimple text challenges the reader to find objects hidden in the photographs.8 a300 bLexile estimate 8 aF bRaz-Plus  0aPicture puzzlesvJuvenile literature. 1aPicture puzzles.1 aWick, Walter,d1953-eillustrator